Teorie svařování /

Guardado en:
Detalles Bibliográficos
Autores principales: Tměj, Jaroslav (Autor), Neumann, Heinz (Autor), Jenši, Stanislav (Autor)
Formato: Libro
Lenguaje:checo
Publicado: Liberec : VŠST, 1990
Edición:2.vyd.
Materias:
Etiquetas: Agregar Etiqueta
Sin Etiquetas, Sea el primero en etiquetar este registro!

MARC

LEADER 00000nam a22000003a 4500
001 stu39963
005 20150617225725.4
008 930324s1990----cs------------------cze-d
020 |a 80-7083-010-7 
040 |a STU  |b slo 
041 0 |a cze 
044 |a cs 
080 |a 621.791(075.8)  |7 A000001790 
100 1 |a Tměj, Jaroslav  |4 aut 
245 1 |a Teorie svařování /  |c [aut.]Jaroslav Tměj, Heinz Neumann, Stanislav Jenši 
250 |a 2.vyd. 
260 |a Liberec :  |b VŠST,  |c 1990 
300 |a 208 s 
650 7 |a zváranie  |2 stusub 
700 1 |a Neumann, Heinz  |4 aut 
700 1 |a Jenši, Stanislav  |4 aut 
996 |b 284M008330  |c M*S-735-1  |l MMKN  |s A  |a 24  |w stu39963_0001